Nihon Kyōsantō ketsugi kettei shū. Dai 4.
Saved in:
| Corporate Author: | |
|---|---|
| Format: | Book |
| Language: | Japanese |
| Published: |
[Tōkyō] :
Shin Nihon Shuppansha,
1959.
|
| Subjects: | |
| Tags: |
Add Tag
No Tags, Be the first to tag this record!
|
| LEADER | 00853nam a2200241ui 4500 | ||
|---|---|---|---|
| 001 | 007775471-9 | ||
| 005 | 20024617122053.0 | ||
| 008 | 980427s1959 ja 000 0 jpn d | ||
| 035 | 0 | |a ocm39021944 | |
| 040 | |a *YNH* |c *YNH* |d CStRLIN | ||
| 110 | 2 | |6 880-01 |a Nihon Kyōsantō. |b Senden Kyōikubu. | |
| 245 | 1 | 0 | |6 880-02 |a Nihon Kyōsantō ketsugi kettei shū. |n Dai 4. |
| 260 | |6 880-03 |a [Tōkyō] : |b Shin Nihon Shuppansha, |c 1959. | ||
| 300 | |a 109 p. ; |c 19 cm. | ||
| 505 | 0 | |6 880-04 |a Nichūsō kara Shichūsō made. | |
| 610 | 2 | 0 | |6 880-05 |a Nihon Kyōsantō. |
| 880 | 2 | |6 110-01 |a 日本共産党. |b 宣伝教育部. | |
| 880 | 1 | 0 | |6 245-02 |a 日本共産党決議決定集. |n 第4. |
| 880 | |6 260-03 |a [東京] : |b 新日本出版社, |c 1959. | ||
| 880 | 0 | |6 505-04 |a 二中総から四中総まで. | |
| 880 | 2 | 0 | |6 610-05 |a 日本共産党. |
| 988 | |a 20021221 | ||
| 906 | |0 MH | ||


